| 000 | 00000nam##2200000za#4500 |
| 001 | 9.661962 |
| 003 | CaOODSP |
| 005 | 20210615120317 |
| 007 | ta |
| 008 | 150407|1999||||xxc||||| f|0| 0 fre|d |
| 020 | |a0-662-65064-6 |
| 040 | |aCaOODSP|bfre |
| 041 | |aeng |
| 041 | |afre |
| 043 | |an-cn--- |
| 086 | 1 |aH39-501/1999-1 |
| 110 | 1 |aCanada. |bSanté Canada. |
| 245 | 13|aLe développement sain des enfants et des jeunes : |ble rôle des déterminants de la santé: rapport sommaire |
| 260 | |aOttawa - Ontario : |bSanté Canada |c1999. |
| 300 | |aTexte français, iii, 26p. : |bill., tableaux ; |c28 cm. |
| 500 | |aN.B.: Numéro de catalogue (H39-501/1999F) et ISBN (0-662-83911-0) imprimés dans cette publication sont incorrects. «Cette brochure résume les grandes lignes du rapport complet intitulé Le développement saint des enfants et des jeunes: le rôle des déterminants de la santé. Elle contient des renseignements contextuels sur l'approche fondées sur la santé de la population et le processus de développement de l'enfant, de même que des renseignements démographiques de base sur les enfants et les jeunes du Canada.»--Introduction. |
| 520 | 3 |aCette brochure résume les grandes lignes du rapport complet intitulé Le développement saint des enfants et des jeunes: le rôle des déterminants de la santé. Elle contient des renseignements contextuels sur l'approche fondées sur la santé de la population et le processus de développement de l'enfant, de même que des renseignements démographiques de base sur les enfants et les jeunes du Canada.--Introduction |
| 546 | |aBilingue |
| 563 | |aCouverture souple |
| 590 | |a00-26|b2000-06-30 |
| 691 | 07|aDéveloppement de l'enfant|2gcpds |
| 691 | 07|aIndicateurs de l'état de santé|2gcpds |
| 691 | 07|aAdolescent|2gcpds |
| 776 | 0#|tLe développement sain des enfants et des jeunes : |w(CaOODSP)9.640483 |
| 776 | 0#|tHealthy development of children and youth : |w(CaOODSP)9.696368 |
| 791 | |tHealthy development of children and youth : |eeng|w(CaOODSP)9.661961 |